NBA teams that have never won a championship - Sudden Death - Statistics

General Stats
  • This quiz has been taken 199 times
  • The average score is 5 of 10
Answers on the Grid
Answers color-coded by a green-red scale on the quiz's grid according to % correct below.
Atlanta Hawks
Boston Celtics
Brooklyn Nets
Charlotte Hornets
Chicago Bulls
Cleveland Cavaliers
Dallas Mavericks
Denver Nuggets
Detroit Pistons
Golden State Warriors
Houston Rockets
Indiana Pacers
Los Angeles Clippers
Los Angeles Lakers
Memphis Grizzlies
Miami Heat
Milwaukee Bucks
Minnesota Timberwolves
New Orleans Pelicans
New York Knicks
Oklahoma City Thunder
Orlando Magic
Philadelphia 76ers
Phoenix Suns
Portland Trail Blazers
Sacramento Kings
San Antonio Spurs
Toronto Raptors
Utah Jazz
Washington Wizards
 
Answer Stats
Answer % Correct
New Orleans Pelicans
62%
Memphis Grizzlies
61%
Indiana Pacers
53%
Charlotte Hornets
51%
Minnesota Timberwolves
49%
Utah Jazz
47%
Brooklyn Nets
45%
Orlando Magic
45%
Los Angeles Clippers
43%
Phoenix Suns
42%
No matching quizzes found
Score Distribution
Percent of People with Each Score
Percentile by Number Answered
Your Score History
You have not taken this quiz